Multiple Choice City Quiz – Kuala Lumpur - Statistics

General Stats
  • This quiz has been taken 218 times
    214 since last reset
  • The average score is 6 of 10
Answer Stats
Question Answer % Correct
What is the name of the tallest twin buildings in Kuala Lumpur? Petronas Twin Towers
92%
What is the main language spoken in Kuala Lumpur? Malay
90%
Which religion is most widely practiced in Kuala Lumpur? Islam
73%
In 1998, Kuala Lumpur hosted which sporting event? Commonwealth Games
69%
Which popular shopping and entertainment district is located in the heart of Kuala Lumpur? Bukit Bintang
63%
Which famous limestone hill with Hindu temples is near Kuala Lumpur? Batu Caves
54%
Which Malaysian king resides in Kuala Lumpur’s Istana Negara? Yang di-Pertuan Agong
43%
What does "Kuala Lumpur" literally mean in Malay? Muddy Confluence
32%
Kuala Lumpur was officially declared a city in which year? 1972
24%
Kuala Lumpur was founded in the 1850s as a centre for which industry? Tin mining
16%
No matching quizzes found
Score Distribution
Percent of People with Each Score
Percentile by Number Answered
Your Score History
You have not taken this quiz since the last reset